[Event "Vaujany op 5th"]
[Site "Vaujany"]
[Date "2014.07.11"]
[Round "2.7"]
[White "Emsalem, Marc"]
[Black "Apap, Titouan"]
[Result "0-1"]
[WhiteElo "1521"]
[BlackElo "1824"]
[PlyCount "56"]
[EventDate "2014.07.10"]
[EventType "swiss"]
[EventRounds "9"]
[EventCountry "FRA"]
[SourceTitle "EXT 2017"]
[Source "ChessBase"]
[SourceDate "2016.10.25"]
[SourceVersion "1"]
[SourceVersionDate "2016.10.25"]
[SourceQuality "1"]

1. e4 c5 2. Nf3 a6 3. d4 cxd4 4. Nxd4 e5 5. Nf3 d6 6. Nc3 Nd7 7. Bc4 Be7 8. 0-0 Ngf6 9. h3 0-0 10. Be3 Qc7 11. Bd5 Nb6 12. Bxb6 Qxb6 13. Qd2 Bd7 14. Rab1 Bc6 15. Rfe1 Nxd5 16. Nxd5 Bxd5 17. Qxd5 Rac8 18. c3 Rc5 19. Qd2 Qc6 20. a3 f5 21. exf5 Rxf5 22. Nd4 exd4 23. Rxe7 Kf8 24. cxd4 Rc2 25. d5 Rxd2 26. dxc6 Kxe7 27. cxb7 Rf8 28. Rc1 Rb8 0-1

[Event "Calvi Balagne op 06th"]
[Site "Calvi"]
[Date "2009.04.29"]
[Round "2"]
[White "Emsalem, Marc"]
[Black "Alliot, Kevin"]
[Result "0-1"]
[WhiteElo "1541"]
[BlackElo "1758"]
[PlyCount "28"]
[EventDate "2009.04.28"]
[EventType "swiss"]
[EventRounds "9"]
[EventCountry "FRA"]
[SourceTitle "CBM 130 Extra"]
[Source "ChessBase"]
[SourceDate "2009.07.02"]
[SourceVersion "2"]
[SourceVersionDate "2009.07.15"]
[SourceQuality "1"]

1. e4 c5 2. Nf3 e6 3. d4 cxd4 4. Nxd4 a6 5. Nc3 Qc7 6. Be2 Nf6 7. a3 b5 8. Bg5 Be7 9. 0-0 Bb7 10. Bf3 d6 11. Re1 Nbd7 12. Qd2 Ne5 13. b4 Rc8 14. Re3 Nc4 0-1